000 00722nam a2200205Ii 4500
003 JO-AjNU
008 230605s9999||||xx |||||||||||||| ||und||
040 _aJO-AjNU
_bara
_erda
_cJO-AjNU
041 _aara
050 1 4 _aBP130.4.T2 1999
100 3 _aبقلم طباره، عفيف عبد الفتاح,
_eauthor
_98660
245 0 0 _aتفسير جزءي الفرقان والنمل
250 _aط2 طبعة خاصة
264 3 1 _aبيروت: دار العلم للملايين،1999
300 _a223ص
336 _atext
_btxt
_2rdacontent
337 _aunmediated
_bn
_2rdamedia
338 _avolume
_bnc
_2rdacarrier
650 4 _aجزءي الفرقان والنمل - تفسير - القران الكريم
_98661
999 _aA902
_c4470
_d4470